Flaggen im Stil von Kosovo - Statistiken

Allgemein
  • Dieses Quiz wurde 25 mal gespielt
  • Das Durchschnittsergebnis liegt bei 7 aus 12
Antwortstatistiken
Bildquiz Antwort % Korrekt
Australien
100%
Deutschland
100%
Rumänien
88%
Portugal
80%
Algerien
76%
Jemen
60%
Südkorea
52%
Armenien
36%
Osttimor
36%
Bhutan
28%
Uruguay
24%
Burundi
16%
Keine übereinstimmenden Quizze gefunden
Verteilung der Resultate
Anzahl Personen mit jedem Resultat
Perzentil nach korrekt beantworteten Fragen
Ihre Resultats-Entwicklung
Sie haben dieses Quiz noch nicht gespielt